000 00725nam a2200229Ia 4500
001 874
003 GE_BSU
008 181216s||||||||xx |||||||||||||| ||und||
040 _cGE_BSU
080 _a550.551
245 _aГеологическая история черного моря по результатам глубоководного бурения.
245 _bИн-ут океанологии им. П.П. Ширшова
260 _aМосква
260 _bНаук
260 _c1980
300 _a202 с.
541 _h10 л.
653 _aГеологическая история черного мория
653 _aГеология
653 _aგეოლოგია
942 _cBK
999 _c35035
_d35035